01121 2200325 4500001002100000005001500021035002000036007000300056040002200059082001400081084001600095090002200111100003600133245018400169250003500353300006000388650002500448700002600473700004000499700003200539850001200571504003000583264004200613336002100655337003000676338002300706999002200729020002200751990002200773INLIS00000000089503220251023023140 a0010-0425000281ta aYOPDYOGbinderda04223a005.1 a005.1 TED p aCB-D.11 2024-60210 aTeddy Marcus ZakariaePengarang10aPemrograman database :bmembangun aplikasi dengan microsoft sql server dan mariadb mysql /cTeddy Marcus Zakaria, Setia Budi, Rossevine Artha Nathasya, Hendra Bunyamin; penyunting aCetakan Pertama, November 2024 axviii, 345 halaman :bilustrasi, gambar, tabel ;c25 cm 4aKomputer-pemrograman0 aSetia BudiePengarang0 aRossevine Artha NathasyaePengarang0 aHendra BunyaminePenyunting aYOPDYOG aBibliografi : halaman 34531aYogyakarta :bZahir Publishing,c2024 2rdacontentateks 2rdamediaatanpa perantara 2rdacarrieravolume aCB-D.11/2024-6021 a978-623-466-549-9 aCB-D.11/2024-6021